000 00328nam a2200109Ia 4500
008 180315s9999 xx 000 0 und d
020 _a9780814433263
100 _aCoine, Ted
245 _cBabbitt, Mark
_aA world gone social :
_bHow companies must adapt to survive
260 _aUSA :
_b2014
_cAMACOM pub
300 _avii, 216 pages
999 _c356291
_d356291